000
00338nam a2200145Ia 4500
008
191201s2007 xx 000 0 und d
082
_a
658.4034
_b
TAO
100
_a
TAHA, Hamdy A
245
0
_a
Operations Research: An Introduction
250
_a
8th
260
_a
N.Delhi
_b
PHI
_c
2007
300
_a
833
650
_a
MBA
942
_2
ddc
_c
BK
999
_c
2665
_d
2665